Star Wars Battlefront 2 (2017) - Statistics

General Stats
  • This quiz has been taken 307 times
  • The average score is 15 of 27
Answer Stats
Hint Answer % Correct
Campaign- who is the main character Iden Versio
94%
Campaign- who does this ^ character meet that's a jedi and is saved by him Luke Skywalker
78%
What is the name of the bounty hunter hero who is a clone Boba Fett
70%
Campaign- Who is the smuggler who the empire follow to takodana Han Solo
70%
Campaign-Who is the princess who defends naboo from the imperial invasion Princess Leia
70%
What is the name of the midget, green lightsaber wielding, jedi Yoda
69%
What is the name of the bounty hunter hero who is a lizard Bossk
68%
Campaign- Who is the smugglers copilot Chewbacca
67%
What is the name of the new risen empire The First Order
66%
What is the name of the leader of the imperials who uses force lightning The Emporer
65%
Campaign- who is the sith who gets the information about luke at the end of the game Kylo Ren
64%
What is the name of the clones team The Republic
60%
What is the name of the war between them The Clone Wars
59%
What is the name of the rebels against the new empire The Resistance
59%
What is the name of the imperial team The Empire
58%
What is the name of the ground assault war gamemode Galactic Assault
54%
Campaign- who betrays the empire with the main character Del Meeko
51%
Campaign- who is the lieutenant that takes control after the main character Gideon Hask
47%
What is the name of the war between them The Galactic Civil War
47%
What is the name of the CIS team The Separatists
46%
What is the name of the team deathmatch gamemode Blast
45%
Campaign- Who is the man who finds the imperial traitors and fights the empire with them Lando Calirissian
45%
What is the name of the rebels against the imperials The Rebels
42%
What is the name of the spaceship warfare gamemode Starfighter Assault
40%
What is the name of the objective based gamemode consisting of 8 members on eac team Strike
39%
Campaign-What is the name of their imperial ship The Corvus
33%
What is the name of the hero vs hero gamemode Heros vs Villians
16%
No matching quizzes found
Score Distribution
Percent of People with Each Score
Percentile by Number Answered
Your Score History
You have not taken this quiz